| 000 | 00373nam a2200145 a 4500 | ||
|---|---|---|---|
| 005 | 20140412111416.0 | ||
| 008 | 070828s19uu xx 00 eng d | ||
| 020 | _a0-590-13487-6 | ||
| 050 |
_aER _bAr77 1979 |
||
| 100 | _aBrown, Marc | ||
| 245 |
_aArthur's Eyes / _cMarc Brown. |
||
| 260 |
_aNew York : _bScholastic, _c1979. |
||
| 300 | _a1 v. (unpaged) | ||
| 999 |
_c105862 _d105862 |
||